000 01046nam0a22002531 4500
001 RU\NLR\A1SV\159450
005 20251203171251.9
035 _a(NLR Aleph) 021972071
090 _a12365720
_c12365720
100 _a20230629d1919 u y0rusy50 ca
101 0 _arus
102 _aRU
200 1 _aУстав общества За Россию, входящего в Общегубернский союз обществ За Россию
_eПринят первым Ставропол. губ. съездом делегатов о-в За Россию 9 мая 1919 г.
_fО-во "За Россию"
210 _aЕвпатория
_cОсобый агитац. отряд Отд. пропаганды при главнокомандующем В.С. на Ю.Р.
_d1919
215 _a19 с.
620 _dЕвпатория
710 0 2 _a"За Россию", общество
_cСтавропольская губ.
801 0 _aRU
_bNLR
_c20230629
899 _aSLK
899 _aSLK
942 _cBOOK
980 _aNB
980 _aA1SV